[Event "SR 5. liga SE-SI 2013/2014"]
[Site "?"]
[Date "2014.03.01"]
[Round "9.4"]
[White "Kaufman, Robert"]
[Black "Baumgartner, Milan"]
[Result "0-1"]
[WhiteElo "1054"]
[BlackElo "1508"]
[PlyCount "64"]
[EventDate "2013.??.??"]

1. e4 e5 2. Nf3 Nc6 3. Bc4 Bc5 4. O-O d6 5. d3 Bg4 6. c3 Qf6 7. Bg5 Qg6 8. a3
Nf6 9. Nbd2 O-O 10. b4 Bb6 11. Qe2 h6 12. Be3 Bxe3 13. fxe3 Rad8 14. Bd5 Nxd5
15. exd5 Ne7 16. e4 f5 17. Qe3 b6 18. Kh1 f4 19. Qf2 Rf6 20. d4 exd4 21. Qxd4
Rdf8 22. Qc4 Rc8 23. Qa6 Bxf3 24. Rxf3 Kh7 25. Raf1 Qg5 26. Qxa7 Rg6 27. R1f2
c6 28. c4 cxd5 29. exd5 Nxd5 30. cxd5 Rc1+ 31. Nf1 Rxf1+ 32. Rxf1 Qxg2# 0-1

[Event "SR 5. liga SE-SI 2013/2014"]
[Site "?"]
[Date "2014.03.01"]
[Round "9.4"]
[White "Davidik, Miroslav"]
[Black "Nater, Nikolas"]
[Result "1-0"]
[WhiteElo "1440"]
[BlackElo "1000"]
[PlyCount "47"]
[EventDate "2013.??.??"]

1. e4 e5 2. f4 Nc6 3. Nf3 Bd6 4. f5 Nf6 5. Nc3 O-O 6. Bc4 b6 7. d3 Ng4 8. h3
Nf6 9. a3 Nh5 10. O-O Bc5+ 11. Kh2 d6 12. Bg5 Qd7 13. Nd5 f6 14. Nxb6+ Kh8 15.
Nxd7 Bxd7 16. Bd2 Ne7 17. Nxe5 fxe5 18. Qxh5 g6 19. fxg6 Nxg6 20. b4 Rxf1 21.
Rxf1 Be8 22. bxc5 dxc5 23. Bc3 Nf4 24. Bxe5# 1-0

[Event "SR 5. liga SE-SI 2013/2014"]
[Site "?"]
[Date "2014.03.01"]
[Round "9.5"]
[White "Benak, Peter"]
[Black "Mysicka, Miroslav"]
[Result "1-0"]
[WhiteElo "1601"]
[BlackElo "1853"]
[PlyCount "115"]
[EventDate "2013.??.??"]

1. e4 e5 2. Nf3 Nc6 3. Bc4 Bc5 4. d3 Nf6 5. O-O O-O 6. Nc3 a6 7. Bg5 Be7 8. Re1
b5 9. Bb3 d6 10. h3 Na5 11. Qd2 Nxb3 12. axb3 c5 13. Nxb5 Bb7 14. Na3 h6 15.
Bxf6 Bxf6 16. Nc4 Qb8 17. Nb6 Ra7 18. Nd7 Qd8 19. Nxf8 Qxf8 20. b4 cxb4 21.
Qxb4 Bd8 22. Nd2 a5 23. Qb5 Qe7 24. Nc4 Ba6 25. Qd5 Bxc4 26. Qxc4 Rb7 27. Reb1
Kh7 28. b4 Rc7 29. Qa2 axb4 30. Rxb4 Qg5 31. c4 f5 32. exf5 Qxf5 33. Qe2 g6 34.
Qe4 Qxe4 35. dxe4 Kg7 36. Ra8 Be7 37. Rab8 Kf7 38. R8b7 Rc8 39. Ra4 h5 40. Raa7
Re8 41. Rd7 Ke6 42. g3 Bf6 43. h4 Rc8 44. Rac7 Ra8 45. Ra7 Rc8 46. Rdc7 Rb8 47.
Rc6 Rb2 48. Raa6 Be7 49. c5 Rc2 50. cxd6 Rxc6 51. Rxc6 Bxd6 52. Kf1 Kd7 53. Ra6
Ke6 54. Ke2 Ke7 55. Kd3 Kd7 56. Kc4 Ke6 57. Rb6 Kf7 58. Rxd6 1-0

[Event "SR 5. liga SE-SI 2013/2014"]
[Site "?"]
[Date "2014.03.01"]
[Round "9.5"]
[White "Beran, Jan"]
[Black "Sladek, Michal"]
[Result "1-0"]
[WhiteElo "1694"]
[BlackElo "1241"]
[PlyCount "89"]
[EventDate "2013.??.??"]

1. d4 d5 2. c4 Nf6 3. Nc3 dxc4 4. e3 Bf5 5. Bxc4 c6 6. Nf3 Ne4 7. O-O e6 8.
Nxe4 Bxe4 9. Bd3 Bxd3 10. Qxd3 Bd6 11. Rd1 O-O 12. b3 Na6 13. Bb2 Be7 14. Qe2
Qc7 15. Rac1 Bf6 16. a3 Qb6 17. b4 Rfd8 18. Nd2 Rac8 19. Nc4 Qb5 20. Qc2 Rc7
21. Ne5 h6 22. h3 Bxe5 23. dxe5 Rcd7 24. Rxd7 Rxd7 25. Rd1 Rxd1+ 26. Qxd1 Qd5
27. Qc1 Nb8 28. f3 Qd3 29. Bd4 b6 30. Kf2 Qb5 31. Qd2 Kh7 32. Qc2+ g6 33. e4
Nd7 34. f4 c5 35. bxc5 Nxc5 36. Bxc5 Qxc5+ 37. Qxc5 bxc5 38. Ke3 g5 39. f5 Kg7
40. Kd3 f6 41. g4 fxe5 42. Kc4 Kf7 43. Kxc5 Ke7 44. a4 exf5 45. exf5 1-0

[Event "SR 5. liga SE-SI 2013/2014"]
[Site "?"]
[Date "2014.03.01"]
[Round "9.5"]
[White "Cambal, Peter"]
[Black "Sukopcak, Miroslav"]
[Result "0-1"]
[WhiteElo "1014"]
[BlackElo "1668"]
[PlyCount "32"]
[EventDate "2013.??.??"]

1. e4 c5 2. Nf3 d6 3. d4 cxd4 4. Nxd4 a6 5. Nc3 e5 6. Nb3 Nf6 7. h3 Be6 8. Be3
Be7 9. Qd2 Nc6 10. O-O-O Rc8 11. Be2 b5 12. Nd5 Rb8 13. Rhg1 Nxe4 14. Qd3 Nf6
15. Bf3 Bxd5 16. Bxd5 Nb4 0-1

[Event "SR 5. liga SE-SI 2013/2014"]
[Site "?"]
[Date "2014.03.01"]
[Round "9.5"]
[White "Lauko, Tomas"]
[Black "Steiner, Juraj"]
[Result "1-0"]
[WhiteElo "1421"]
[BlackElo "1000"]
[PlyCount "37"]
[EventDate "2013.??.??"]

1. e4 e5 2. Nf3 Nc6 3. c3 Bc5 4. b4 Bb6 5. a4 a5 6. b5 Nce7 7. Nxe5 d6 8. Nf3
Nf6 9. Qc2 O-O 10. d4 d5 11. e5 Bf5 12. Bd3 Ne4 13. Nh4 g6 14. Nxf5 gxf5 15. f3
Ng5 16. Bxg5 c6 17. Bxf5 Kg7 18. Bf6+ Kg8 19. Bxh7# 1-0

[Event "SR 5. liga SE-SI 2013/2014"]
[Site "?"]
[Date "2014.03.01"]
[Round "9.5"]
[White "Sefcik, Marek"]
[Black "Drozd, Jan"]
[Result "0-1"]
[WhiteElo "1000"]
[BlackElo "1574"]
[PlyCount "66"]
[EventDate "2013.??.??"]

1. e4 e6 2. Nf3 d5 3. Nc3 c5 4. Bb5+ Bd7 5. Ne5 Bxb5 6. Nxb5 Nf6 7. d3 dxe4 8.
O-O a6 9. Nc3 Bd6 10. Nc4 exd3 11. cxd3 O-O 12. Nb6 Qxb6 13. Ne4 Nxe4 14. dxe4
Rd8 15. Re1 Bxh2+ 16. Kxh2 Rxd1 17. Rxd1 Nc6 18. b3 Rd8 19. Bb2 Rxd1 20. Rxd1
h6 21. Rd3 Nb4 22. Rg3 g5 23. Rh3 Qc7+ 24. g3 Kh7 25. Kg2 f5 26. f3 Nd3 27. Bc3
b5 28. Kf1 c4 29. Rh2 Qxg3 30. Rg2 Qxf3+ 31. Kg1 Nf4 32. Rf2 Qxc3 33. Kf1 Qc1#
0-1

[Event "SR 5. liga SE-SI 2013/2014"]
[Site "?"]
[Date "2014.03.15"]
[Round "10.1"]
[White "Trojkova, Michaela"]
[Black "Holiencin, Filip"]
[Result "0-1"]
[WhiteElo "1455"]
[BlackElo "1828"]
[PlyCount "144"]
[EventDate "2013.??.??"]

1. d4 Nf6 2. c4 d5 3. Nf3 c6 4. e3 g6 5. Nc3 Bg7 6. Bd3 O-O 7. O-O Nbd7 8. Bd2
Re8 9. e4 dxe4 10. Nxe4 Nxe4 11. Bxe4 Nf6 12. Bc2 Bg4 13. Be3 e5 14. dxe5 Nd7
15. h3 Bxf3 16. Qxf3 Nxe5 17. Qe2 Qh4 18. Rad1 Qxc4 19. Qxc4 Nxc4 20. Rd7 b5
21. b3 Nxe3 22. fxe3 f6 23. e4 a5 24. Rfd1 Bf8 25. Rc7 Rac8 26. Rdd7 Rxc7 27.
Rxc7 Re6 28. b4 a4 29. a3 Rd6 30. Kf1 Bh6 31. Rc8+ Kg7 32. Rc7+ Kg8 33. Rc8+
Kf7 34. Rc7+ Ke6 35. Rxh7 Be3 36. Ke1 Rd2 37. Bd1 Ra2 38. Rc7 Kd6 39. Rg7 g5
40. Rf7 Bd4 41. Bg4 Rxa3 42. Rd7+ Ke5 43. Bf5 Bc3+ 44. Ke2 Bxb4 45. Rc7 Rc3 46.
Ra7 a3 47. Kd1 Bc5 48. Ra5 Kf4 49. Ra6 Bb4 50. Ra8 Ke3 51. Ra6 Rd3+ 52. Kc1 Rb3
53. Kc2 Rb2+ 54. Kc1 Bd2+ 55. Kd1 a2 56. g4 Rb1+ 57. Kc2 a1=Q 58. Rxa1 Rxa1 59.
Kb2 Ra4 60. Bd7 Rc4 61. Kb3 Rc3+ 62. Kb2 Kd4 63. Be8 b4 64. Bf7 Ra3 65. Ba2 c5
66. Bb3 c4 67. Ba2 c3+ 68. Kb1 Kd3 69. Bc4+ Kxc4 70. Kc2 Ra2+ 71. Kd1 Kd3 72.
e5 Ra1# 0-1

[Event "SR 5. liga SE-SI 2013/2014"]
[Site "?"]
[Date "2014.03.15"]
[Round "10.1"]
[White "Sladek, Michal"]
[Black "Ulehla, Jakub"]
[Result "1/2-1/2"]
[WhiteElo "1241"]
[BlackElo "1111"]
[PlyCount "76"]
[EventDate "2013.??.??"]

1. e4 e5 2. Nf3 Nc6 3. Bc4 Nf6 4. d3 Bc5 5. h3 O-O 6. O-O d6 7. Nc3 Be6 8. Bg5
Qe7 9. Bd5 Nd4 10. a3 c6 11. Ba2 Rfe8 12. b4 Nxf3+ 13. Qxf3 Bd4 14. Bd2 a5 15.
Bxe6 Qxe6 16. Rab1 axb4 17. axb4 Bxc3 18. Bxc3 Ra2 19. Qe2 Rea8 20. Ra1 Rxa1
21. Rxa1 Rxa1+ 22. Bxa1 Qa2 23. Qd1 Qa4 24. Bc3 Qa3 25. Qa1 Qxa1+ 26. Bxa1 Kf8
27. f3 Ke7 28. d4 Ke6 29. c4 exd4 30. Bxd4 g6 31. Bxf6 Kxf6 32. Kf2 Ke5 33. Ke3
g5 34. g3 d5 35. f4+ gxf4+ 36. gxf4+ Ke6 37. c5 dxe4 38. Kxe4 f6 1/2-1/2

[Event "SR 5. liga SE-SI 2013/2014"]
[Site "?"]
[Date "2014.03.15"]
[Round "10.1"]
[White "Kaufman, Robert"]
[Black "Cambal, Peter"]
[Result "1-0"]
[WhiteElo "1054"]
[BlackElo "1014"]
[PlyCount "61"]
[EventDate "2013.??.??"]

1. e4 c5 2. Nf3 d6 3. Bc4 Nf6 4. Nc3 e6 5. d3 Be7 6. Bg5 O-O 7. O-O a6 8. a4
Nc6 9. Qd2 d5 10. exd5 exd5 11. Bb3 Be6 12. Rfe1 Qc7 13. Bxf6 Bxf6 14. Nxd5
Bxd5 15. Bxd5 Bxb2 16. Rab1 Ba3 17. c3 Rfd8 18. Be4 c4 19. Qa2 Bd6 20. Qxc4 Re8
21. Bd5 Rxe1+ 22. Rxe1 Rc8 23. Ng5 Rf8 24. Bxf7+ Rxf7 25. Re8+ Bf8 26. Rxf8+
Kxf8 27. Ne6+ Kg8 28. Nxc7 Ne5 29. Qd5 Nxd3 30. Qxd3 Rxc7 31. Qd8+ 1-0

[Event "SR 5. liga SE-SI 2013/2014"]
[Site "?"]
[Date "2014.03.15"]
[Round "10.1"]
[White "Toman, Jan"]
[Black "Jankovic, Frantisek"]
[Result "0-1"]
[WhiteElo "1000"]
[BlackElo "1000"]
[PlyCount "138"]
[EventDate "2013.??.??"]

1. e4 e5 2. Nf3 Nc6 3. d4 d6 4. Bc4 h6 5. Be3 Nf6 6. Nc3 Bg4 7. O-O Be7 8. h3
Bxf3 9. Qxf3 exd4 10. Bxd4 Nxd4 11. Qd1 c5 12. Nb5 Nxb5 13. Bxb5+ Nd7 14. Qd5
Qc7 15. Bc4 O-O 16. e5 Nxe5 17. Rfe1 Nxc4 18. Qxc4 Bf6 19. c3 Rae8 20. Rxe8
Rxe8 21. Qa4 Ra8 22. Re1 Be5 23. f4 Qc6 24. Qxc6 bxc6 25. fxe5 Re8 26. Re4 Rxe5
27. Ra4 Re7 28. Ra6 Rb7 29. Rxc6 Rxb2 30. Rxd6 Rxa2 31. Rd8+ Kh7 32. Rd7 Ra3
33. Rxf7 Rxc3 34. Rxa7 c4 35. Ra2 Rd3 36. Kf1 Kg6 37. Ke2 Kf5 38. Rc2 Rd4 39.
Ke3 Re4+ 40. Kd2 Kf4 41. g3+ Kxg3 42. Rc3+ Kh4 43. Ra3 g5 44. Ra6 h5 45. Ra1
Kxh3 46. Rh1+ Kg4 47. Rg1+ Kf4 48. Rf1+ Ke5 49. Rg1 Rd4+ 50. Kc3 Rg4 51. Re1+
Kd5 52. Rd1+ Kc5 53. Rh1 h4 54. Rh2 Rg3+ 55. Kd2 h3 56. Kc1 g4 57. Kd1 c3 58.
Rh1 Rg2 59. Kc1 g3 60. Rxh3 Kc4 61. Rh4+ Kd3 62. Rh1 Rh2 63. Rg1 g2 64. Rd1+
Kc4 65. Kc2 g1=Q+ 66. Kc1 Qxd1+ 67. Kxd1 Kb3 68. Ke1 c2 69. Kf1 c1=Q# 0-1

[Event "SR 5. liga SE-SI 2013/2014"]
[Site "?"]
[Date "2014.03.15"]
[Round "10.1"]
[White "Nater, Nikolas"]
[Black "Toman, Jakub"]
[Result "0-1"]
[WhiteElo "1000"]
[BlackElo "1000"]
[PlyCount "94"]
[EventDate "2013.??.??"]

1. e4 e5 2. Nf3 Nc6 3. Nc3 Nf6 4. Bc4 Bb4 5. O-O d6 6. d3 Bg4 7. Bg5 Nd4 8. a3
Bc5 9. b4 Bb6 10. Bd5 h6 11. Bxf6 Qxf6 12. Bxb7 Bxf3 13. Bc6+ Kf8 14. Nd5 Bxd1
15. Nxf6 Rd8 16. Raxd1 gxf6 17. Rde1 Nxc6 18. c3 Ne7 19. Rd1 Ng6 20. d4 Rg8 21.
g3 Kg7 22. Rd2 Nf8 23. Kh1 Ne6 24. Rg1 exd4 25. f4 dxc3 26. Rgd1 cxd2 27. Rxd2
Be3 28. Re2 Bc1 29. f5 Nd4 30. Re1 Bxa3 31. Rd1 Nb5 32. Rd5 Nc3 33. Rd3 Ne2 34.
Rf3 Bxb4 35. Re3 Nc1 36. g4 Bc5 37. Rc3 Na2 38. Rc2 Nb4 39. Rc1 Rde8 40. Re1
Nc2 41. Re2 Kh8 42. h3 Ne3 43. Ra2 Rxe4 44. Rxa7 Bxa7 45. h4 Rgxg4 46. h5 Nc2
47. Kh2 Re3 0-1

[Event "SR 5. liga SE-SI 2013/2014"]
[Site "?"]
[Date "2014.03.15"]
[Round "10.2"]
[White "Bartos, Bohumil"]
[Black "Buran, Andrej"]
[Result "1/2-1/2"]
[WhiteElo "1507"]
[BlackElo "1392"]
[PlyCount "33"]
[EventDate "2013.??.??"]

1. d4 d5 2. c4 e6 3. Nc3 Nf6 4. cxd5 Nxd5 5. e4 Nxc3 6. bxc3 Be7 7. Nf3 O-O 8.
Bd3 b6 9. O-O Bb7 10. Qc2 c5 11. Bb2 Nd7 12. Rac1 Qc7 13. Qb1 h6 14. Rfe1 c4
15. Bc2 Nf6 16. e5 Nd5 17. Be4 1/2-1/2

[Event "SR 5. liga SE-SI 2013/2014"]
[Site "?"]
[Date "2014.03.15"]
[Round "10.2"]
[White "Baumgartner, Milan"]
[Black "Hrdlicka, Martin"]
[Result "0-1"]
[WhiteElo "1508"]
[BlackElo "1007"]
[PlyCount "36"]
[EventDate "2013.??.??"]

1. a3 e5 2. e4 Nf6 3. Nc3 Bc5 4. Bc4 Nc6 5. Nf3 O-O 6. h3 d6 7. d3 Be6 8. Bb5
a6 9. Bxc6 bxc6 10. Bg5 d5 11. O-O d4 12. Ne2 Bd6 13. Ng3 h6 14. Bd2 Qd7 15. c3
c5 16. c4 Rfe8 17. Nh4 Bxh3 18. Kh2 Ng4+ 0-1

[Event "SR 5. liga SE-SI 2013/2014"]
[Site "?"]
[Date "2014.03.15"]
[Round "10.2"]
[White "Svarc, Vaclav"]
[Black "Davidik, Miroslav"]
[Result "0-1"]
[WhiteElo "1000"]
[BlackElo "1440"]
[PlyCount "44"]
[EventDate "2013.??.??"]

1. e4 e5 2. Nf3 Nc6 3. Nc3 Nf6 4. Bb5 d6 5. d3 h6 6. Nd5 Bd7 7. Be3 a6 8. Bxc6
Bxc6 9. Nb4 Bd7 10. Nd5 Be7 11. Qd2 Be6 12. Nxe7 Qxe7 13. Qb4 c5 14. Qb6 Ng4
15. O-O-O Rc8 16. Qa7 Qc7 17. b3 O-O 18. d4 Ra8 19. Qxa8 Rxa8 20. Rd3 cxd4 21.
Bd2 Nxf2 22. h3 Nxd3+ 0-1

[Event "SR 5. liga SE-SI 2013/2014"]
[Site "?"]
[Date "2014.03.15"]
[Round "10.3"]
[White "Kanka, Tomas"]
[Black "Nemeckay, Rastislav"]
[Result "0-1"]
[WhiteElo "1688"]
[BlackElo "1986"]
[PlyCount "115"]
[EventDate "2013.??.??"]

1. d4 d5 2. Nf3 Nf6 3. g3 g6 4. Bg2 Bg7 5. O-O O-O 6. c3 Nbd7 7. Nbd2 Re8 8.
Re1 e5 9. e4 dxe4 10. Nxe4 exd4 11. Nxf6+ Nxf6 12. Rxe8+ Nxe8 13. cxd4 c6 14.
Be3 Nf6 15. Ne5 Be6 16. Qd2 Nd5 17. b4 Qb6 18. a3 Rd8 19. Nc4 Qc7 20. Rc1 Qe7
21. Bg5 f6 22. Be3 Re8 23. Bh6 Bh8 24. Re1 Qd7 25. Ne3 Kf7 26. h4 Nxe3 27. fxe3
f5 28. Rf1 Kg8 29. Qf2 Bg7 30. Bf4 Bd5 31. Bf3 h5 32. Rc1 Bf8 33. Qg2 Be4 34.
Qa2+ Qf7 35. Qxf7+ Kxf7 36. Bd1 Bd5 37. Kf2 Ke6 38. Rc3 b6 39. Bf3 Bxf3 40.
Kxf3 Kd5 41. Rc2 Rc8 42. Rc3 Be7 43. Be5 c5 44. Bf4 Rc6 45. b5 Re6 46. dxc5
Bxc5 47. a4 Re4 48. Rd3+ Ke6 49. a5 bxa5 50. Rc3 Kd5 51. Rc2 a4 52. Bg5 a3 53.
Ke2 Ra4 54. Bf6 a2 55. Rc1 Ra3 56. Rd1+ Ke4 57. Ba1 Rxe3+ 58. Kf1 0-1

[Event "SR 5. liga SE-SI 2013/2014"]
[Site "?"]
[Date "2014.03.15"]
[Round "10.3"]
[White "Simek, Adam"]
[Black "Petras, Michal"]
[Result "1-0"]
[WhiteElo "1000"]
[BlackElo "1268"]
[PlyCount "67"]
[EventDate "2013.??.??"]

1. e4 d5 2. Nc3 dxe4 3. Bc4 Nf6 4. Nge2 Nc6 5. O-O Bg4 6. h3 Bh5 7. Qe1 e5 8.
Ng3 Bg6 9. Ngxe4 Nxe4 10. Nxe4 Qd4 11. d3 Nb4 12. Qe2 Nc6 13. c3 Qd8 14. Qf3 f6
15. b4 a6 16. b5 Na5 17. bxa6 bxa6 18. Bd5 c6 19. Be6 Qe7 20. Bb3 Nxb3 21. axb3
Qc7 22. b4 Be7 23. Nc5 Bxc5 24. bxc5 O-O 25. d4 Rfd8 26. dxe5 Rd3 27. Qe2 fxe5
28. Rd1 Rxc3 29. Rxa6 Rxa6 30. Qxa6 Rxc5 31. Qa8+ Kf7 32. Ba3 Ra5 33. Qf8+ Ke6
34. Rd6+ 1-0

[Event "SR 5. liga SE-SI 2013/2014"]
[Site "?"]
[Date "2014.03.15"]
[Round "10.3"]
[White "Kridl, Oliver"]
[Black "Jankovic, Vit"]
[Result "1-0"]
[WhiteElo "1250"]
[BlackElo "1000"]
[PlyCount "71"]
[EventDate "2013.??.??"]

1. e4 e5 2. Nf3 Nf6 3. Nc3 Nc6 4. d4 d6 5. d5 Nb4 6. a3 Na6 7. Bxa6 bxa6 8. O-O
Be7 9. h3 O-O 10. Re1 h6 11. Qd3 c5 12. dxc6 Qc7 13. Nd5 Nxd5 14. exd5 Bf6 15.
Rb1 Re8 16. Nd2 Qa5 17. b4 Qb6 18. Nc4 Qc7 19. Bb2 Rb8 20. f4 e4 21. Rxe4 Rxe4
22. Qxe4 Bxb2 23. Rxb2 Qd8 24. Rb3 Qf6 25. Kh2 Bf5 26. Qe2 Qd4 27. c7 Qxf4+ 28.
g3 Qg5 29. cxb8=Q+ Kh7 30. Qxa7 Qf6 31. Rf3 g5 32. g4 Qg6 33. Rxf5 a5 34. Qxf7+
Qxf7 35. Rxf7+ Kg6 36. Qe6# 1-0

[Event "SR 5. liga SE-SI 2013/2014"]
[Site "?"]
[Date "2014.03.15"]
[Round "10.3"]
[White "Nesnadny, Tomas"]
[Black "Nereca, Tomas"]
[Result "1-0"]
[WhiteElo "1000"]
[BlackElo "1000"]
[PlyCount "65"]
[EventDate "2013.??.??"]

1. e4 e5 2. Bc4 Nc6 3. d3 Nf6 4. Nf3 d5 5. Nc3 dxc4 6. O-O Bc5 7. Be3 Bxe3 8.
fxe3 O-O 9. b3 b5 10. Qe2 b4 11. Na4 cxd3 12. cxd3 Ba6 13. Ne1 Bb5 14. Nb2 a5
15. Rc1 h5 16. Nf3 Qd7 17. Ng5 Rad8 18. Qf2 a4 19. bxa4 Ng4 20. Qh4 Nxe3 21.
Qxh5 Rfe8 22. Rxf7 Qxf7 23. Nxf7 Re7 24. Nxd8 Nxd8 25. axb5 Ne6 26. Nc4 Nxc4
27. Rxc4 Rf7 28. Rc2 Nf4 29. Qxe5 Nxd3 30. Qd4 Nf2 31. Qxf2 Rxf2 32. Kxf2 c5
33. Rxc5 1-0

[Event "SR 5. liga SE-SI 2013/2014"]
[Site "?"]
[Date "2014.03.15"]
[Round "10.3"]
[White "Skrabakova, Monika"]
[Black "Velicky, Samuel"]
[Result "1-0"]
[WhiteElo "1000"]
[BlackElo "1000"]
[PlyCount "83"]
[EventDate "2013.??.??"]

1. d4 d5 2. Nf3 Nf6 3. e3 Nc6 4. Bd3 Bg4 5. O-O e6 6. Nbd2 Bb4 7. c3 Ba5 8. Qa4
Bb6 9. b3 O-O 10. b4 a6 11. Qc2 Re8 12. Ba3 g6 13. Bb2 Bf5 14. Rae1 Be4 15. c4
dxc4 16. Qxc4 Bxd3 17. Qxd3 Nxb4 18. Qc4 Nc6 19. e4 Nxd4 20. Ne5 Nc6 21. Rd1
Re7 22. Nef3 Rd7 23. Bc3 Ba5 24. Rc1 Bxc3 25. Rxc3 Na5 26. Qe2 Rd6 27. e5 Rd7
28. exf6 Rd6 29. Ne4 Qd7 30. Nh4 Rd8 31. Qe3 Rd1 32. f3 Rxf1+ 33. Kxf1 Qd1+ 34.
Kf2 g5 35. Nxg5 Rd2+ 36. Kg3 h6 37. Nxe6 fxe6 38. Qxe6+ Kh7 39. Qe7+ Kh8 40.
Ng6+ Kg8 41. Qe8+ Kh7 42. Qf7# 1-0

[Event "SR 5. liga SE-SI 2013/2014"]
[Site "?"]
[Date "2014.03.15"]
[Round "10.4"]
[White "Harasta, Marian"]
[Black "Klimes, Karel"]
[Result "0-1"]
[WhiteElo "1619"]
[BlackElo "1651"]
[PlyCount "120"]
[EventDate "2013.??.??"]

1. d4 d5 2. c4 Nf6 3. Qc2 e6 4. Nc3 Nc6 5. e3 b6 6. a3 Bb7 7. Nf3 Ne7 8. c5 Ng6
9. Na2 bxc5 10. dxc5 c6 11. b4 Be7 12. b5 O-O 13. a4 Ne4 14. Ba3 Qc7 15. Bd3
cxb5 16. Bxe4 dxe4 17. Nd2 bxa4 18. Qxa4 Bc6 19. Qc2 f5 20. O-O Bb5 21. Rfc1
Rac8 22. Qb3 Bd7 23. Nb4 a5 24. Na6 Qa7 25. c6 Bxa3 26. cxd7 Rxc1+ 27. Rxc1
Bxc1 28. Qxe6+ Kh8 29. Qe8 Qa8 30. Qxa8 Rxa8 31. Nc4 Rd8 32. Nb6 Ne5 33. Nc5
Nxd7 34. Ncxd7 Rxd7 35. Nxd7 a4 36. Nc5 a3 37. Nb3 a2 38. h4 Bb2 39. Kh2 a1=Q
40. Nxa1 Bxa1 41. g4 Be5+ 42. Kh3 g6 43. h5 Kg7 44. hxg6 hxg6 45. g5 Kf7 46.
Kg2 Ke6 47. Kf1 Bd6 48. Ke2 Be7 49. f4 exf3+ 50. Kxf3 Bxg5 51. Ke2 Ke5 52. Kf3
Bh6 53. e4 f4 54. Ke2 Kxe4 55. Kf2 g5 56. Ke2 g4 57. Kf2 g3+ 58. Kg2 Ke3 59.
Kf1 g2+ 60. Kg1 Ke2 0-1

[Event "SR 5. liga SE-SI 2013/2014"]
[Site "?"]
[Date "2014.03.15"]
[Round "10.4"]
[White "Sobek, Michal"]
[Black "Zlamal, Marek"]
[Result "0-1"]
[WhiteElo "1230"]
[BlackElo "1638"]
[PlyCount "50"]
[EventDate "2013.??.??"]

1. e4 c5 2. Nf3 Nc6 3. d4 cxd4 4. Nxd4 e5 5. Nb3 Nf6 6. Nc3 Bb4 7. Bd2 Bxc3 8.
Bxc3 Nxe4 9. Bxe5 Qe7 10. Qe2 Qxe5 11. O-O-O O-O 12. f3 Nf6 13. Qd2 d5 14. f4
Qc7 15. Kb1 Bf5 16. h3 Ne4 17. Qe3 Rfe8 18. Qf3 Nf6 19. Rg1 Nb4 20. Bd3 Bxd3
21. cxd3 Qc2+ 22. Ka1 Re2 23. Rb1 Qxd3 24. Qxd3 Nxd3 25. g4 Nxf4 0-1

[Event "SR 5. liga SE-SI 2013/2014"]
[Site "?"]
[Date "2014.03.15"]
[Round "10.4"]
[White "Antalek, Rudolf"]
[Black "Valigursky, Michal"]
[Result "0-1"]
[WhiteElo "1533"]
[BlackElo "1299"]
[PlyCount "88"]
[EventDate "2013.??.??"]

1. e4 e5 2. Nf3 Nc6 3. Bc4 Nf6 4. d4 exd4 5. O-O d6 6. Nxd4 Be7 7. Re1 O-O 8.
Bg5 Re8 9. f3 Bd7 10. c3 Na5 11. Bd3 c5 12. Ne2 Qb6 13. Qc1 c4+ 14. Be3 Qc7 15.
Bc2 d5 16. Nd2 Bd6 17. g3 Re7 18. Bf4 Rae8 19. Qb1 b6 20. Bxd6 Qxd6 21. Nd4 Nc6
22. Nxc6 Bxc6 23. b3 b5 24. Re2 Qc5+ 25. Kg2 d4 26. Qg1 Rd8 27. Rae1 Qb6 28.
cxd4 Rxd4 29. e5 Nd5 30. bxc4 Nc3 31. Re3 Nxa2 32. cxb5 Rxd2+ 33. Kh1 Bxb5 34.
Bb3 Nb4 35. Rb1 Nd3 36. Ree1 Nxe1 37. Qxe1 Qf2 38. Qxf2 Rxf2 39. Bc4 Be8 40.
Rb8 Kf8 41. f4 Rc7 42. Kg1 Rd2 43. Bb5 Rc1+ 44. Bf1 Rdd1 0-1

[Event "SR 5. liga SE-SI 2013/2014"]
[Site "?"]
[Date "2014.03.15"]
[Round "10.4"]
[White "Vozarova, Adriana"]
[Black "Spanik, Ondrej"]
[Result "1-0"]
[WhiteElo "1172"]
[BlackElo "1230"]
[PlyCount "81"]
[EventDate "2013.??.??"]

1. e4 e5 2. Nf3 Nc6 3. Nc3 d6 4. d4 exd4 5. Nxd4 Nxd4 6. Qxd4 Qf6 7. Qa4+ c6 8.
Bd3 Bd7 9. Be3 Ne7 10. O-O Nc8 11. f4 Qd8 12. e5 Be7 13. Rae1 Nb6 14. Qb3 Be6
15. Qb4 d5 16. Bc5 Bxc5+ 17. Qxc5 Qe7 18. Qe3 Qb4 19. f5 Bc8 20. e6 f6 21. Qh3
Qxb2 22. Qh5+ Ke7 23. Qf7+ Kd6 24. e7 Bd7 25. Ne2 Rae8 26. Nf4 Qd4+ 27. Kh1
Rhg8 28. Nh5 Qg4 29. Be2 Qe4 30. Bf3 Rxe7 31. Qxg8 Qxe1 32. Ng3 Kc7 33. Qxh7
Nc4 34. Kg1 Qe5 35. Qh5 Qe3+ 36. Kh1 Nd2 37. Rg1 Nxf3 38. gxf3 Qf2 39. Qg4 Re1
40. Nh5 Qxg1+ 41. Qxg1 1-0

[Event "SR 5. liga SE-SI 2013/2014"]
[Site "?"]
[Date "2014.03.15"]
[Round "10.4"]
[White "Spacek, Jan"]
[Black "Fajtakova, Silvia"]
[Result "1-0"]
[WhiteElo "1104"]
[BlackElo "1109"]
[PlyCount "77"]
[EventDate "2013.??.??"]

1. e4 e5 2. Nf3 Nc6 3. Bc4 Nf6 4. d3 d5 5. exd5 Nxd5 6. Bg5 Be7 7. Be3 Nxe3 8.
fxe3 O-O 9. O-O Qd6 10. Nc3 Qg6 11. Rf2 Bc5 12. Qd2 Qh6 13. Re1 Bd6 14. Ne4 Bb4
15. c3 Ba5 16. b4 Bb6 17. a4 a5 18. b5 Ne7 19. Nxe5 Ng6 20. Nxg6 Qxg6 21. Rf3
Bd7 22. Rg3 Qh5 23. Rg5 Qh4 24. Rf1 Kh8 25. Rf4 Qh6 26. Qf2 c6 27. Rh4 Qxh4 28.
Qxh4 Bxe3+ 29. Kf1 Bxg5 30. Qxg5 f6 31. Qc5 f5 32. Nd6 f4 33. Nxb7 f3 34. bxc6
Bxc6 35. Qxc6 f2 36. Nd6 Ra7 37. Nf7+ Raxf7 38. Bxf7 g6 39. Qf6# 1-0

[Event "SR 5. liga SE-SI 2013/2014"]
[Site "?"]
[Date "2014.03.15"]
[Round "10.5"]
[White "Brunovsky, Peter"]
[Black "Celustkova, Lubica"]
[Result "1-0"]
[WhiteElo "1829"]
[BlackElo "1618"]
[PlyCount "75"]
[EventDate "2013.??.??"]

1. d4 Nf6 2. Nf3 g6 3. Bf4 d6 4. h3 Nbd7 5. e3 Bg7 6. Bc4 O-O 7. O-O Ne4 8.
Nbd2 Ndf6 9. Nxe4 Nxe4 10. Nd2 Nxd2 11. Qxd2 e5 12. dxe5 dxe5 13. Qxd8 Rxd8 14.
Bg5 Re8 15. Rfd1 Bf5 16. Bb3 h6 17. Bh4 g5 18. Bg3 Rad8 19. c3 c6 20. f3 Bd3
21. Rd2 Bf5 22. Rad1 Rxd2 23. Rxd2 Kf8 24. e4 Bc8 25. Bf2 b6 26. a4 Bf6 27. a5
bxa5 28. Ba4 Rd8 29. Bc5+ Kg7 30. Rxd8 Bxd8 31. Bxc6 Bb6 32. Bf2 Ba6 33. Bd5
Bd3 34. c4 Bd4 35. Bxd4 exd4 36. g3 Bc2 37. Kf2 f6 38. Ke2 1-0

[Event "SR 5. liga SE-SI 2013/2014"]
[Site "?"]
[Date "2014.03.15"]
[Round "10.5"]
[White "Kastler, Peter"]
[Black "Tomasovic, Pavol"]
[Result "1-0"]
[WhiteElo "1710"]
[BlackElo "1302"]
[PlyCount "41"]
[EventDate "2013.??.??"]

1. d4 d5 2. c4 e6 3. Nc3 Nf6 4. Nf3 Be7 5. Bg5 O-O 6. e3 Nbd7 7. Bd3 c6 8. O-O
dxc4 9. Bxc4 Nd5 10. Bxe7 Qxe7 11. Rc1 N7f6 12. Bd3 Bd7 13. Qb3 Nxc3 14. bxc3
b6 15. e4 Rab8 16. Rb1 b5 17. c4 a6 18. Rfc1 c5 19. Qa3 bxc4 20. Rxc4 Rxb1+ 21.
Bxb1 1-0

[Event "SR 5. liga SE-SI 2013/2014"]
[Site "?"]
[Date "2014.03.15"]
[Round "10.5"]
[White "Filipek, Norbert"]
[Black "Papanek, Lubomir"]
[Result "0-1"]
[WhiteElo "1291"]
[BlackElo "1635"]
[PlyCount "82"]
[EventDate "2013.??.??"]

1. e4 c5 2. Nf3 d6 3. d4 cxd4 4. Nxd4 Nf6 5. Nc3 a6 6. Be2 Nc6 7. Bg5 e6 8. O-O
Be7 9. Qd2 h6 10. Bxf6 Bxf6 11. Nxc6 bxc6 12. Rfd1 Be7 13. Na4 Bb7 14. Qe3 Qc7
15. Rd3 Rd8 16. Rb3 O-O 17. Qa7 Rd7 18. Bxa6 Ra8 19. Qxb7 Qxb7 20. Bxb7 Ra7 21.
Bxc6 Rdc7 22. Rc3 Bf6 23. Rc4 Ra6 24. Bb5 Rxc4 25. Bxc4 Rxa4 26. b3 Rxc4 27.
bxc4 Bxa1 28. Kf1 Bc3 29. Ke2 e5 30. Kd3 Bd4 31. c3 Bc5 32. f3 Kf8 33. Kc2 Ke7
34. Kb3 g6 35. Ka4 f5 36. exf5 gxf5 37. Kb5 e4 38. fxe4 fxe4 39. a4 e3 40. a5
e2 41. a6 e1=Q 0-1